Những thắc mắc về bệnh phụ nữ

Αποθηκεύτηκε σε:
Λεπτομέρειες βιβλιογραφικής εγγραφής
Κύριος συγγραφέας: MAI KIM QUANG
Μορφή: Βιβλίο
Γλώσσα:Undetermined
Έκδοση: Tp. HCM Thanh Niên 2002
Θέματα:
Ετικέτες: Προσθήκη ετικέτας
Δεν υπάρχουν, Καταχωρήστε ετικέτα πρώτοι!
Thư viện lưu trữ: Trung tâm Học liệu Trường Đại học Cần Thơ
LEADER 00480nam a2200169Ia 4500
001 CTU_48180
008 210402s9999 xx 000 0 und d
082 |a 613.0424 
082 |b Qu106 
100 |a MAI KIM QUANG 
245 0 |a Những thắc mắc về bệnh phụ nữ 
245 0 |c MAI KIM QUANG 
260 |a Tp. HCM 
260 |b Thanh Niên 
260 |c 2002 
650 |a women - health and hygiene 
980 |a Trung tâm Học liệu Trường Đại học Cần Thơ